ბათუმის შოთა რუსთაველის სახელმწიფო უნივერსიტეტის ბიბლიოთეკა

რეკომენდაციები ადგილობრივი მსუბუქშემვსებიანი ბეტონებით მოწყობილი თბოსაიზოლაციო შრის მინიმალური სისქის დადგენის თაობაზე საქართველოს პირობებისათვის. (ბიბ.ჩანაწერი № 43787)

000 -LEADER
fixed length control field 01420nam a2200217Ia 4500
001 - CONTROL NUMBER
control field 10532
003 - CONTROL NUMBER IDENTIFIER
control field GE_BSU
008 - FIXED-LENGTH DATA ELEMENTS--GENERAL INFORMATION
fixed length control field 181216s||||||||xx |||||||||||||| ||und||
020 ## - INTERNATIONAL STANDARD BOOK NUMBER
International Standard Book Number 9789941201523
040 ## - CATALOGING SOURCE
Transcribing agency GE_BSU
080 ## - UNIVERSAL DECIMAL CLASSIFICATION NUMBER
Universal Decimal Classification number 69.05
100 ## - MAIN ENTRY--PERSONAL NAME
Personal name ბაქანიძე,შ. სამხარაძე,ლ. პირმისაშვილი,ვ.
245 ## - TITLE STATEMENT
Title რეკომენდაციები ადგილობრივი მსუბუქშემვსებიანი ბეტონებით მოწყობილი თბოსაიზოლაციო შრის მინიმალური სისქის დადგენის თაობაზე საქართველოს პირობებისათვის.
260 ## - PUBLICATION, DISTRIBUTION, ETC.
Place of publication, distribution, etc. თბილისი
260 ## - PUBLICATION, DISTRIBUTION, ETC.
Name of publisher, distributor, etc. ტექნიკური უნივერსიტეტი.
260 ## - PUBLICATION, DISTRIBUTION, ETC.
Date of publication, distribution, etc. 2012.
300 ## - PHYSICAL DESCRIPTION
Extent 23გვ.; 20სმ.
653 ## - INDEX TERM--UNCONTROLLED
Uncontrolled term რეკომენდაციები ადგილობრივი მსუბუქშემვსებიანი ბეტონებით მოწყობილი თბოსაიზოლაციო შრის მინიმალური სისქის დადგენის თაობაზე საქართველოს პირობებისათვის.
942 ## - ADDED ENTRY ELEMENTS (KOHA)
Koha item type წიგნი
ეგზემპლარები
Withdrawn status Lost status Damaged status Not for loan Date acquired Barcode Date last seen Price effective from Koha item type Public note
        2018-12-17 34685 2018-12-17 2018-12-17 წიგნი საინჟინრო-ტექნოლოგიური ფაკულტეტი